000 01260nam a2200253Ia 4500
999 _c36169
_d36169
001 2071
003 GE_BSU
005 20190514143400.0
008 181216s2005||||ge |||||||||||||| ||geo||
020 _a9994035835
040 _cGE_BSU
041 _ageo
080 _a547(075.8) ე–55
100 _aელიზბარაშვილი, ე.
_91100
245 _aსპექტრომეტრული მეთოდების გამოყენება ორგანულ ქიმიაში :
_bდამხმარე სახელმძღვანელო /
_cე. ელიზბარაშვილი, ზ. გელიაშვილი, გ. ჭირაქაძე; რედაქტორი: ფ. აფხაზავა.
264 _aთბილისი:
_bტექნიკური უნივერსიტეტი,
_c2005.
300 _a161 გვ.;
_b20 სმ.
653 _aქიმია
653 _aორგანული ქიმია
700 _aგელაშვილი, ზ.
_eავტორი.
_91101
700 _aჭირაქაძე, გ.
_eავტორი.
_91102
700 _aაფხაზავა, ფ.
_eრედაქტორი
_91103
942 _cBK
_2udc